00841nam a2200241Ia 4500003000900000008004100009040001300050040001300063041000800076100002600084100000800110245004100118250001000159260001200169260000900181300001200190490001500202490000600217600015000223942000700373999001700380952020200397IT-RoPAU120407s9999 xx 000 0 und d aIT-RoPAU cIT-RoPAU afra aClemente Alessandrino csan a"Le Pedagogue. Testo greco francese" aParis aDu Cerf c1960 c19,5 cm aSources C. v3 a"t. 1° Livre I° 295 p. (Sources C., 70) t. 2° Livre II° 243 p. (Sources C., 108) t. 3° Livre III° 241 p. (Sources C., 158)" cBK c18403d18403 00102ddc406276_800000000000000_37071aPAULUSbPAULUSd2012-04-11l0o276.8.370r2012-04-11 00:00:00w2012-04-11yBKzInserito da: Anna In data: 14 luglio 2011 fondo: Via A.Severo 56 Progr:23626